W sprawie polityki II Rzeczypospolitej wobec mniejszości niemieckiej
| Titel: | W sprawie polityki II Rzeczypospolitej wobec mniejszości niemieckiej |
|---|---|
| Verfasser: | |
| In: |
Zapiski historyczne, Band 66 (2001), Seite 189-202 alle Artikel anzeigen |
| Veröffentlicht: | 2001 |
| Format: | Aufsatz |
| Sprache: | Polnisch |
X
alg: 39510272
001A $01999:12-11-16
001B $01999:04-08-21 $t21:04:51.000
001D $01999:12-11-16
001U $0utf8
001X $00
002@ $0Aox
003@ $0395102723
007A $0395102723 $aHEB
007T $0Herda24739h
010@ $apol
011@ $a2001
021A $aW sprawie polityki II Rzeczypospolitej wobec mniejszości niemieckiej
028A $aOlstowski $dPrzemysław
031A $d66 $h189-202 $j2001
039B $aIn $8--Abvc--. Zapiski historyczne. - Toruń {[u.a.] : TNT, 1956-. - ISSN 0044-1791 $x200100000660000811 $904810552X
039T $8--Aau--Matelski, Dariusz$Z1963- [Tp1]. Niemcy w Polsce w XX wieku. - Wyd. 1. - Warszawa {[u.a.] : Wydaw. Naukowe PWN, 1999. - 464 S.. - Ill., Kt.. - ISBN 83-01-12931-X $9084632852
045F $a900.9438 $eDDC23BSB
045F/01 $a900
045F/03 $g438
lok: 39510272 78
exp: 39510272 78 1 #EPN
201B/01 $018-11-16 $t13:45:16.000
201U/01 $0utf8
203@/01 $0791401367
208@/01 $a12-11-16 $be
209A/01 $a/ $f000 $x00
220C/01 $aHerkunft: IH PAN/PBB Kraków
244Z/01 $2Trx $#Poola $#Lenkija $#Polija $#Polen Land $#Poland $#Lengyelország $#Poľsko $#Polsko $8--Trx--Polska$gkraj $x01 $9391345966
244Z/01 $2Trx $#arvustused $#recenzijos $#Reviews $#recenziók $#recenzje $#recenzie $#recenze $8--Trx--Rezensionen $x02 $9391357441
247C/01 $82080>Marburg/Lahn, Herder-Institut, Forschungsbibliothek, Bibliographieportal $9336309341
| LEADER | 00000caa a22000002c 4500 | ||
|---|---|---|---|
| 001 | 395102723 | ||
| 003 | DE-603 | ||
| 005 | 20210804210451.0 | ||
| 007 | tu | ||
| 008 | 161112s2001 xx |||| | u00||u|pol c | ||
| 035 | |a (DE-599)HEB395102723 | ||
| 040 | |a DE-603 |b ger |c DE-603 |d DE-603 | ||
| 041 | |a pol | ||
| 082 | 0 | 4 | |8 1\u |a 900.9438 |q DE-101 |2 23/BSB |
| 085 | |8 1\u |b 900 | ||
| 085 | |8 1\u |z 2 |s 438 | ||
| 100 | 1 | |a Olstowski, Przemysław | |
| 245 | 0 | 0 | |a W sprawie polityki II Rzeczypospolitej wobec mniejszości niemieckiej |
| 264 | 0 | |c 2001 | |
| 773 | 0 | 8 | |i In |t Zapiski historyczne |d Toruń [u.a.] : TNT, 1956- |x 0044-1791 |g Band 66 (2001), Seite 189-202 |w (DE-603)04810552X |w (DE-600)860296-7 |
| 787 | 0 | 8 | |i Rezension von |a Matelski, Dariusz, 1963- |t Niemcy w Polsce w XX wieku |b Wyd. 1 |d Warszawa [u.a.] : Wydaw. Naukowe PWN, 1999 |h 464 S., Ill., Kt. |z 830112931X |w (DE-603)084632852 |
| 924 | 0 | |9 2080 |a (DE-603)791401367 |b DE-2080 |c HES |d d |g / | |


